Multiple Choice City Quiz - Karachi - Statistics

General Stats
  • This quiz has been taken 245 times
  • The average score is 5 of 10
Answer Stats
Question Answer % Correct
What is Karachi's most important industry? Textiles
75%
What year did Karachi lose its title as the capital of Pakistan? 1967
65%
Which nomadic ethnic group has its largest urban population in Karachi? Pashtun
60%
What body of water is Karachi located on? Arabian Sea
59%
What province is Karachi the capital of? Sindh
58%
Which of the following historical figures visited Karachi? Alexander the Great
52%
What is the largest mosque in Karachi? Grand Jamiah Karachi
46%
What service did the citizens of the Orangi Town slums create for themselves when the government neglected to? Sewage
37%
What variant of cricket was invented in Karachi? Tape Ball
30%
What is the name of Karachi's volunteer ambulance service? (The largest in the world) Edhi Foundation
28%
No matching quizzes found
Score Distribution
Percent of People with Each Score
Percentile by Number Answered
Your Score History
You have not taken this quiz